| 000 | 01195nam a2200373 i 4500 | ||
|---|---|---|---|
| 001 | 11317 | ||
| 003 | KOSZ 005 | ||
| 005 | 20190827112459.0 | ||
| 008 | 080224s1966 pl a f 000 0 pol | ||
| 015 | _aPB 1963/4890 | ||
| 040 |
_aWA N _cKOSZ 005/RW _dKOSZ 005/RW _dKOSZ 005/HR |
||
| 046 | _k1966 | ||
| 080 | _a621.3 | ||
| 080 | _a620.1 | ||
| 100 | 1 |
_aRoliński, Zygmunt. _eAutor |
|
| 245 | 1 | 0 |
_aZarys elektrycznej tensometrii oporowej / _cZygmunt Roliński. |
| 250 | _aWyd. 2. | ||
| 260 |
_aWarszawa : _bWydawnictwa Naukowo-Techniczne, _c1966. |
||
| 300 |
_a337, [3] s. : _bil. ; _c25 cm. |
||
| 380 | _aKsiążki. | ||
| 388 | _a1901-2000 | ||
| 504 | _aBibliogr. s. 331-[338]. | ||
| 521 | 8 | _aDla inżynierów i techników. | |
| 650 | 4 | _aOpór elektryczny | |
| 650 | 4 | _aTensometr | |
| 658 | _aInżynieria i technika | ||
| 650 | 4 | _aPomiary | |
| 650 | 4 | _aNaprężenia i odkształcenia | |
| 650 | 4 | _aMechanika | |
| 650 | 4 | _aKonstrukcje | |
| 710 | 2 |
_aWydawnictwa Naukowo-Techniczne _4pbl. |
|
| 856 |
_uhttp://koha.tu.koszalin.pl/cgi-bin/koha/opac-detail.pl?biblionumber=11317 _yKatalog online BPK |
||
| 942 |
_2UKD _cKS |
||
| 999 |
_c11317 _d11317 |
||